000 01230cam a22003377a 4500
003 CHAP
005 20220329142556.0
008 010920d2001 mx r 00110 spa d
010 _a85166
011 _a86138
035 _a96676
040 _cCHAP
090 _aTesis
100 0 0 _aHerrera Huizar, Gloria
_954897
245 1 3 _aLa modernización educativa (1989-1994) y plan de estudios :
_bsu vinculación en educación básica
_c/por Gloria Herrera Huizar
260 _aChapingo, Méx. :
_bEl autor,
_c2001.
300 _a161 h. ;
_bgráfs.
502 _aTesis (Maestro en Procesos Educativos) -- UACH. División de Ciencias Económico-Administrativas
590 _aALEPH
_b10
_c20130110
_lUCH01
_h1445
590 _aBATCH-UPD
_b10
_c20130110
_lUCH01
_h0425
590 _aBATCH-UPD
_b10
_c20130410
_lUCH01
_h0100
590 _aBATCH-UPD
_b10
_c20130914
_lUCH01
_h1238
590 _aCONVERSION
_b10
_c20130109
_lUCH01
_h1347
650 1 4 _aEducación
_xPlanes de estudio.
_935474
650 1 4 _aFormación de profesores.
_942392
901 _aBK
905 _aAlejandra Carrasco M.
942 _cFOLL
949 _aTesis
_bBC
_cTES
_d33724000860433
_eTS2
_fc.2
_h38921
_i96676
_si
949 _aTesis
_bBC
_cTES
_d966761
_eTS1
_h38920
_i96676
_sb
999 _c85166
_d85166